000 00961nam a2200229 i 4500
001 156577
003 ES-MaACL
005 20250817024655.0
008 931025s1868 sp |||| | spa d
100 1 _aKavanagh, Julia (
_d1824-1877)
_9128432
245 1 3 _aLa mejor victoria
_b: leyenda de unas montañas /
_cpor Julia Karanagh [sic] ; traducida del inglés por Ángel Calderón de la Barca.
260 _aMadrid :
_b[s.n.],
_c1868 (
_fImp. de la Biblioteca Universal Económica)
300 _a271 p. ;
_c18 cm.
490 1 _aBiblioteca económica de instrucción y recreo
530 _aDisponible en formato digital.
700 1 _aCalderón de la Barca, Ángel.
_9126287
752 _aEspaña -
_dMadrid
830 0 0 _aBiblioteca económica de instrucción y recreo
_9182441
852 _aES-MaACL
_jD-897
_z- Rust.
856 _uhttp://bdh-rd.bne.es/viewer.vm?id=0000189056&page=1
_zBiblioteca Digital Hispánica
999 _c156577
_d156577